<?xml version="1.0" encoding="UTF-8"?>
<record
    xmlns:xsi="http://www.w3.org/2001/XMLSchema-instance"
    xsi:schemaLocation="http://www.loc.gov/MARC21/slim http://www.loc.gov/standards/marcxml/schema/MARC21slim.xsd"
    xmlns="http://www.loc.gov/MARC21/slim">

  <leader>00578nam a22001937a 4500</leader>
  <controlfield tag="003">OSt</controlfield>
  <controlfield tag="005">20151014124402.0</controlfield>
  <controlfield tag="008">130620t        xxu||||| |||| 00| 0 eng d</controlfield>
  <datafield tag="020" ind1=" " ind2=" ">
    <subfield code="a">9608808731</subfield>
  </datafield>
  <datafield tag="050" ind1=" " ind2=" ">
    <subfield code="a">D 21 </subfield>
    <subfield code="b">.T658 2006</subfield>
  </datafield>
  <datafield tag="082" ind1=" " ind2=" ">
    <subfield code="a">IB 320.1</subfield>
    <subfield code="b">T59 2006</subfield>
  </datafield>
  <datafield tag="100" ind1=" " ind2=" ">
    <subfield code="a">Tomkinson, John.</subfield>
  </datafield>
  <datafield tag="245" ind1=" " ind2=" ">
    <subfield code="a">Single-party states :</subfield>
    <subfield code="c">John L. Tomkinson.</subfield>
    <subfield code="b">themes in twentieth century world history for the international baccalaureate /</subfield>
  </datafield>
  <datafield tag="260" ind1=" " ind2=" ">
    <subfield code="a">Athens, Greece : </subfield>
    <subfield code="b">Anagnosis, </subfield>
    <subfield code="c">c2006.  </subfield>
  </datafield>
  <datafield tag="300" ind1=" " ind2=" ">
    <subfield code="a">174 p. ; </subfield>
    <subfield code="c">24 cm.</subfield>
  </datafield>
  <datafield tag="942" ind1=" " ind2=" ">
    <subfield code="2">lcc</subfield>
    <subfield code="c">BK</subfield>
  </datafield>
  <datafield tag="999" ind1=" " ind2=" ">
    <subfield code="c">2939</subfield>
    <subfield code="d">2939</subfield>
  </datafield>
  <datafield tag="952" ind1=" " ind2=" ">
    <subfield code="0">0</subfield>
    <subfield code="1">0</subfield>
    <subfield code="2">lcc</subfield>
    <subfield code="4">0</subfield>
    <subfield code="a">LUX</subfield>
    <subfield code="b">LUX</subfield>
    <subfield code="c">IB</subfield>
    <subfield code="d">2013-06-20</subfield>
    <subfield code="l">2</subfield>
    <subfield code="o">D 21 .T658 2006</subfield>
    <subfield code="p">14627</subfield>
    <subfield code="r">2025-05-27 00:00:00</subfield>
    <subfield code="s">2025-01-08</subfield>
    <subfield code="t">1</subfield>
    <subfield code="w">2013-06-20</subfield>
    <subfield code="y">BK</subfield>
  </datafield>
  <datafield tag="952" ind1=" " ind2=" ">
    <subfield code="0">0</subfield>
    <subfield code="1">0</subfield>
    <subfield code="2">lcc</subfield>
    <subfield code="4">0</subfield>
    <subfield code="a">LUX</subfield>
    <subfield code="b">LUX</subfield>
    <subfield code="c">IB</subfield>
    <subfield code="d">2013-06-20</subfield>
    <subfield code="l">0</subfield>
    <subfield code="o">D 21 .T658 2006</subfield>
    <subfield code="p">14628</subfield>
    <subfield code="r">2013-08-13 00:00:00</subfield>
    <subfield code="t">2</subfield>
    <subfield code="w">2013-06-20</subfield>
    <subfield code="y">BK</subfield>
  </datafield>
</record>
